[Event "D14"]
[Site "?"]
[Date "2020.08.25"]
[Round "4.3"]
[White "Mroz, Lena"]
[Black "Siekanska, Maria"]
[Result "1/2-1/2"]
[BlackElo "1609"]
[WhiteElo "1459"]
[LiveChessVersion "1.4.4"]

1. e4 {[%clk 0:15:18]} c5 {[%clk 0:15:19]} 2. Nf3 {[%clk 0:15:26]} e6
{[%clk 0:15:27]} 3. d4 {[%clk 0:15:34]} cxd4 {[%clk 0:15:35]} 4. Nxd4
{[%clk 0:15:41]} Nf6 {[%clk 0:15:42]} 5. Nc3 {[%clk 0:15:48]} d6 {[%clk 0:15:47]}
6. g3 {[%clk 0:14:54]} Be7 {[%clk 0:15:50]} 7. Bg2 {[%clk 0:15:00]} O-O
{[%clk 0:15:56]} 8. O-O {[%clk 0:15:07]} Nc6 {[%clk 0:16:04]} 9. h3
{[%clk 0:13:52]} a6 {[%clk 0:15:41]} 10. a4 {[%clk 0:13:41]} Qc7 {[%clk 0:14:43]}
11. Nde2 {[%clk 0:11:26]} Rb8 {[%clk 0:13:55]} 12. Be3 {[%clk 0:10:32]} b5
{[%clk 0:12:56]} 13. axb5 {[%clk 0:09:58]} axb5 {[%clk 0:13:03]} 14. b3
{[%clk 0:08:59]} Rd8 {[%clk 0:12:10]} 15. Nf4 {[%clk 0:05:21]} Bd7
{[%clk 0:10:24]} 16. Qd2 {[%clk 0:05:11]} b4 {[%clk 0:08:39]} 17. Na4
{[%clk 0:05:08]} Ne5 {[%clk 0:08:39]} 18. Rfd1 {[%clk 0:04:24]} Bc6
{[%clk 0:08:36]} 19. f3 {[%clk 0:03:42]} d5 {[%clk 0:08:15]} 20. exd5
{[%clk 0:03:48]} Nxd5 {[%clk 0:08:15]} 21. Nxd5 {[%clk 0:03:37]} Bxd5
{[%clk 0:08:17]} 22. Qf2 {[%clk 0:03:38]} Rdc8 {[%clk 0:05:20]} 23. Nb6
{[%clk 0:03:09]} Rd8 {[%clk 0:04:12]} 24. Nxd5 {[%clk 0:03:14]} exd5
{[%clk 0:03:33]} 25. f4 {[%clk 0:02:36]} Nd7 {[%clk 0:03:27]} 26. Rxd5
{[%clk 0:02:11]} Nf6 {[%clk 0:03:33]} 27. Rxd8+ {[%clk 0:02:15]} Qxd8
{[%clk 0:03:35]} 28. Bf3 {[%clk 0:02:03]} Rc8 {[%clk 0:02:29]} 29. Bb6
{[%clk 0:01:27]} Qd7 {[%clk 0:02:33]} 30. Rd1 {[%clk 0:01:08]} Qxh3
{[%clk 0:02:32]} 31. Bd4 {[%clk 0:00:44]} Qf5 {[%clk 0:02:17]} 32. Rd2
{[%clk 0:00:53]} h5 {[%clk 0:01:42]} 33. Qh2 {[%clk 0:00:39]} Ng4
{[%clk 0:01:31]} 34. Bxg4 {[%clk 0:00:33]} Qxg4 {[%clk 0:01:38]} 35. Qf2 h4
{[%clk 0:01:41]} 36. Kg2 {[%clk 0:00:34]} Re8 {[%clk 0:01:33]} 37. Be5
{[%clk 0:00:30]} f6 {[%clk 0:01:30]} 38. Bd4 {[%clk 0:00:34]} Bf8
{[%clk 0:01:29]} 39. Qf3 {[%clk 0:00:27]} h3+ {[%clk 0:01:38]} 40. Kf2
{[%clk 0:00:36]} Qc8 {[%clk 0:01:39]} 41. Qd5+ {[%clk 0:00:43]} Kh8
{[%clk 0:01:37]} 42. Qh5+ {[%clk 0:00:51]} Kg8 {[%clk 0:01:46]} 43. Qd5+
{[%clk 0:00:47]} Kh8 {[%clk 0:01:54]} 44. Qh5+ {[%clk 0:00:41]} 1/2-1/2

[Event "D14"]
[Site "?"]
[Date "2020.08.25"]
[Round "4.4"]
[White "Barwinska, Ewa"]
[Black "Tokarz, Izabela"]
[Result "1-0"]
[BlackElo "1533"]
[WhiteElo "1567"]
[LiveChessVersion "1.4.4"]

1. e4 c5 2. Nf3 Nc6 3. d4 cxd4 4. Nxd4 e5 5. Nb5 d6 6. N1c3 a6 7. Na3 Be6 8. Nd5
Nf6 9. Bg5 Be7 10. Bxf6 Bxf6 11. Nc4 Bxd5 12. Qxd5 Be7 13. c3 Qc7 14. Be2 O-O 15.
O-O Kh8 16. Ne3 Rad8 17. Rad1 g6 18. Bg4 Bg5 19. Qb3 Bxe3 20. fxe3 Na5 21. Qc2
Nc4 22. Qe2 b5 23. b3 Nb6 24. Qb2 d5 25. Bf3 dxe4 26. Bxe4 Qc5 27. Qf2 Rxd1 28.
Rxd1 f5 29. Bb1 Qxc3 30. e4 Qc6 31. exf5 Nc8 32. Qe3 Qe8 33. fxg6 hxg6 34. Qh6+
Kg8 35. Bxg6 Qe7 36. Be4 Rf6 37. Bd5+ Rf7 38. Bxf7+ Kxf7 39. Rf1+ Ke8 40. Qc6+
Kd8 41. Rd1+ 1-0

[Event "D14"]
[Site "?"]
[Date "2020.08.25"]
[Round "4.5"]
[White "Arciszewska, Zuzanna"]
[Black "Szopa, Emilia"]
[Result "0-1"]
[BlackElo "1214"]
[WhiteElo "1515"]
[LiveChessVersion "1.4.4"]

1. d4 Nf6 2. Nf3 g6 3. c4 c5 4. Nc3 cxd4 5. Nxd4 Bg7 6. e3 O-O 7. Be2 Nc6 8. O-O
d6 9. b3 a6 10. Bb2 e5 11. Nf3 Re8 12. Ba3 e4 13. Nd4 d5 14. Nxc6 bxc6 15. Rc1
Bb7 16. Na4 Nd7 17. cxd5 cxd5 18. Nc5 Nxc5 19. Bxc5 Rc8 20. Qd2 Qd7 21. Bd4 Bxd4
22. Qxd4 Rxc1 23. Rxc1 Rc8 24. Rxc8+ Qxc8 25. Qd2 Qc5 26. h3 a5 27. Qb2 Qb4 28.
Kh2 a4 29. Bd1 a3 30. Qc2 Qd6+ 31. Kg1 Qe5 32. Qc1 Qb2 33. Qxb2 axb2 34. Bc2 Ba6
35. a4 Bd3 36. Bxd3 exd3 0-1

[Event "D14"]
[Site "?"]
[Date "2020.08.25"]
[Round "4.6"]
[White "Rejniak, Zuzanna"]
[Black "Skolska, Emilia"]
[Result "1-0"]
[BlackElo "1303"]
[WhiteElo "1474"]
[LiveChessVersion "1.4.4"]

1. e4 {[%clk 0:15:17]} e5 {[%clk 0:15:20]} 2. Nf3 {[%clk 0:15:26]} Nc6
{[%clk 0:15:27]} 3. Bc4 {[%clk 0:15:34]} Bc5 {[%clk 0:15:36]} 4. d3
{[%clk 0:15:33]} d6 {[%clk 0:15:45]} 5. O-O {[%clk 0:15:40]} Nf6 {[%clk 0:15:52]}
6. c3 {[%clk 0:15:38]} O-O {[%clk 0:15:58]} 7. h3 {[%clk 0:15:45]} d5
{[%clk 0:15:44]} 8. exd5 {[%clk 0:15:51]} Nxd5 {[%clk 0:15:53]} 9. Nbd2
{[%clk 0:14:59]} Bf5 {[%clk 0:15:32]} 10. Ne4 {[%clk 0:14:07]} Bb6
{[%clk 0:13:57]} 11. Re1 {[%clk 0:12:18]} Re8 {[%clk 0:13:59]} 12. Ng3
{[%clk 0:11:13]} Bg6 {[%clk 0:14:08]} 13. d4 {[%clk 0:10:21]} e4 {[%clk 0:12:35]}
14. Bxd5 {[%clk 0:09:05]} Qxd5 {[%clk 0:12:35]} 15. Nh4 {[%clk 0:09:14]} f5
{[%clk 0:12:11]} 16. Qb3 {[%clk 0:07:01]} Qxb3 {[%clk 0:11:56]} 17. axb3
{[%clk 0:07:10]} Rf8 {[%clk 0:11:46]} 18. Bf4 {[%clk 0:05:14]} Rad8
{[%clk 0:09:30]} 19. Rad1 {[%clk 0:05:08]} Na5 {[%clk 0:05:40]} 20. b4
{[%clk 0:05:09]} Nc4 {[%clk 0:05:48]} 21. Re2 {[%clk 0:03:22]} a5
{[%clk 0:02:30]} 22. b3 {[%clk 0:02:31]} Nd6 {[%clk 0:00:47]} 23. bxa5
{[%clk 0:02:07]} Bxa5 {[%clk 0:00:52]} 24. c4 {[%clk 0:01:30]} c6
{[%clk 0:00:42]} 25. d5 {[%clk 0:00:34]} c5 26. Ra1 {[%clk 0:00:26]} Bc3
{[%clk 0:00:34]} 27. Ra7 {[%clk 0:00:33]} Rf7 {[%clk 0:00:32]} 28. Rea2
{[%clk 0:00:33]} b6 {[%clk 0:00:29]} 29. Rxf7 {[%clk 0:00:41]} Nxf7 30. Ngxf5
{[%clk 0:00:41]} Bxf5 {[%clk 0:00:37]} 31. Nxf5 {[%clk 0:00:50]} g6
{[%clk 0:00:36]} 32. Nh6+ {[%clk 0:00:54]} Nxh6 {[%clk 0:00:34]} 33. Bxh6
{[%clk 0:01:03]} Bd4 {[%clk 0:00:51]} 34. Bf4 {[%clk 0:00:47]} Rf8
{[%clk 0:00:57]} 35. Be3 {[%clk 0:00:54]} Bxe3 {[%clk 0:01:04]} 36. fxe3
{[%clk 0:01:03]} Rf6 {[%clk 0:01:10]} 37. Rf2 {[%clk 0:01:09]} Rd6
{[%clk 0:01:17]} 38. Rf4 {[%clk 0:01:18]} 1-0

[Event "D14"]
[Site "?"]
[Date "2020.08.25"]
[Round "4.7"]
[White "Garbowska, Maja"]
[Black "Giemza, Julia"]
[Result "0-1"]
[BlackElo "1472"]
[WhiteElo "1347"]
[LiveChessVersion "1.4.4"]

1. e4 {[%clk 0:15:18]} c5 {[%clk 0:15:19]} 2. Nf3 {[%clk 0:15:26]} e6
{[%clk 0:15:28]} 3. d4 {[%clk 0:15:34]} cxd4 {[%clk 0:15:37]} 4. Nxd4
{[%clk 0:15:42]} Qb6 {[%clk 0:15:44]} 5. Nc3 {[%clk 0:15:29]} Bc5
{[%clk 0:15:53]} 6. Be3 {[%clk 0:14:55]} Nc6 {[%clk 0:15:59]} 7. Nxc6
{[%clk 0:14:57]} Bxe3 {[%clk 0:16:03]} 8. fxe3 {[%clk 0:14:47]} Qxe3+
{[%clk 0:16:11]} 9. Qe2 {[%clk 0:14:42]} Qxe2+ {[%clk 0:16:12]} 10. Bxe2
{[%clk 0:14:50]} bxc6 {[%clk 0:16:18]} 11. O-O-O {[%clk 0:14:27]} Ne7
{[%clk 0:15:20]} 12. Bd3 {[%clk 0:13:58]} O-O {[%clk 0:14:37]} 13. h4
{[%clk 0:12:24]} d5 {[%clk 0:13:56]} 14. exd5 {[%clk 0:12:23]} cxd5
{[%clk 0:14:02]} 15. Ne2 {[%clk 0:11:28]} Bb7 {[%clk 0:13:34]} 16. Rhg1
{[%clk 0:11:14]} Rac8 {[%clk 0:12:42]} 17. g4 {[%clk 0:10:36]} e5
{[%clk 0:11:13]} 18. Ng3 {[%clk 0:09:33]} Rfd8 {[%clk 0:10:24]} 19. Rge1
{[%clk 0:08:50]} e4 {[%clk 0:09:10]} 20. Bf1 {[%clk 0:08:38]} Ng6
{[%clk 0:08:59]} 21. Nf5 {[%clk 0:08:00]} Kf8 {[%clk 0:07:47]} 22. Bg2
{[%clk 0:07:34]} Ne5 {[%clk 0:07:26]} 23. Kb1 {[%clk 0:06:53]} Nxg4
{[%clk 0:06:58]} 24. Rd4 {[%clk 0:05:20]} g6 {[%clk 0:05:47]} 25. Ng3
{[%clk 0:05:05]} f5 {[%clk 0:05:27]} 26. Ne2 {[%clk 0:04:52]} Ne3
{[%clk 0:05:11]} 27. Bxe4 {[%clk 0:04:04]} dxe4 {[%clk 0:05:08]} 28. Rxd8+
{[%clk 0:04:10]} Rxd8 {[%clk 0:05:16]} 29. Nc3 {[%clk 0:03:48]} Nc4
{[%clk 0:05:12]} 30. Kc1 {[%clk 0:03:29]} Kf7 {[%clk 0:05:02]} 31. Ne2
{[%clk 0:02:10]} h6 {[%clk 0:04:41]} 32. Rg1 {[%clk 0:01:49]} Ne5
{[%clk 0:03:40]} 33. Nf4 {[%clk 0:01:23]} Rd6 {[%clk 0:03:39]} 34. h5
{[%clk 0:01:26]} g5 {[%clk 0:03:36]} 35. Ne2 {[%clk 0:01:22]} f4 {[%clk 0:03:29]}
36. Nc3 e3 {[%clk 0:03:12]} 37. Re1 {[%clk 0:01:05]} g4 {[%clk 0:03:17]} 38. Ne2
{[%clk 0:01:10]} f3 {[%clk 0:03:17]} 39. Ng3 {[%clk 0:01:18]} f2 {[%clk 0:03:18]}
40. Rxe3 {[%clk 0:01:21]} Nf3 {[%clk 0:02:24]} 41. Rc3 {[%clk 0:01:09]} Re6
{[%clk 0:01:58]} 42. Rc7+ {[%clk 0:00:59]} Kf6 {[%clk 0:01:46]} 43. b3
{[%clk 0:01:06]} Ba6 {[%clk 0:01:48]} 44. Rxa7 {[%clk 0:01:04]} f1=Q+
{[%clk 0:01:53]} 45. Nxf1 {[%clk 0:01:10]} Bxf1 {[%clk 0:02:02]} 0-1

[Event "D14"]
[Site "?"]
[Date "2020.08.25"]
[Round "5.1"]
[White "Szopa, Emilia"]
[Black "Starosta, Martyna"]
[Result "0-1"]
[BlackElo "1800"]
[WhiteElo "1214"]
[LiveChessVersion "1.4.4"]

1. e4 {[%clk 0:15:17]} e5 {[%clk 0:15:19]} 2. Nf3 {[%clk 0:15:25]} Nc6
{[%clk 0:15:27]} 3. Bc4 {[%clk 0:15:30]} Nf6 {[%clk 0:15:36]} 4. d3
{[%clk 0:15:38]} Be7 {[%clk 0:15:43]} 5. O-O {[%clk 0:15:43]} O-O
{[%clk 0:15:51]} 6. Bb3 {[%clk 0:15:51]} d5 {[%clk 0:15:13]} 7. exd5
{[%clk 0:15:04]} Nxd5 {[%clk 0:15:21]} 8. Re1 {[%clk 0:14:40]} Bg4
{[%clk 0:15:25]} 9. c3 {[%clk 0:14:28]} Nb6 {[%clk 0:15:10]} 10. h3
{[%clk 0:14:15]} Bh5 {[%clk 0:14:56]} 11. Qe2 {[%clk 0:12:37]} Bd6
{[%clk 0:14:13]} 12. Nbd2 {[%clk 0:12:18]} Kh8 {[%clk 0:13:59]} 13. Ne4
{[%clk 0:11:59]} f5 {[%clk 0:13:47]} 14. Ng3 {[%clk 0:11:01]} Bxf3
{[%clk 0:13:00]} 15. Qxf3 {[%clk 0:10:43]} Qd7 {[%clk 0:12:52]} 16. Bc2
{[%clk 0:09:08]} Rae8 {[%clk 0:12:39]} 17. Qh5 {[%clk 0:08:31]} Nd5
{[%clk 0:09:55]} 18. Bg5 {[%clk 0:06:57]} Be7 {[%clk 0:08:00]} 19. Bxe7
{[%clk 0:06:33]} Rxe7 {[%clk 0:08:05]} 20. a3 {[%clk 0:05:25]} Nf4
{[%clk 0:08:00]} 21. Qf3 {[%clk 0:05:06]} Ng6 {[%clk 0:07:42]} 22. Rad1
{[%clk 0:04:50]} Re6 {[%clk 0:06:39]} 23. Bb3 {[%clk 0:03:47]} Rd6
{[%clk 0:06:25]} 24. Bc2 {[%clk 0:03:13]} Nh4 {[%clk 0:05:54]} 25. Qe2
{[%clk 0:02:46]} Rg6 {[%clk 0:05:30]} 26. Qh5 {[%clk 0:01:37]} Rh6
{[%clk 0:05:10]} 27. Qe2 {[%clk 0:01:07]} f4 {[%clk 0:04:12]} 28. Ne4
{[%clk 0:00:56]} f3 {[%clk 0:03:42]} 29. Qd2 {[%clk 0:00:20]} Nxg2
{[%clk 0:03:20]} 0-1

[Event "D14"]
[Site "?"]
[Date "2020.08.25"]
[Round "5.2"]
[White "Zabrzanska, Weronika"]
[Black "Barwinska, Ewa"]
[Result "1-0"]
[BlackElo "1567"]
[WhiteElo "1654"]
[LiveChessVersion "1.4.4"]

1. e4 {[%clk 0:15:20]} c5 {[%clk 0:15:18]} 2. c3 {[%clk 0:15:27]} d5
{[%clk 0:15:26]} 3. exd5 {[%clk 0:15:36]} Qxd5 {[%clk 0:15:35]} 4. d4
{[%clk 0:15:45]} Nf6 {[%clk 0:15:42]} 5. Nf3 {[%clk 0:15:54]} Bg4
{[%clk 0:15:50]} 6. Be2 {[%clk 0:16:03]} e6 {[%clk 0:15:56]} 7. O-O
{[%clk 0:16:11]} Nc6 {[%clk 0:16:03]} 8. h3 {[%clk 0:16:18]} Bh5 {[%clk 0:16:11]}
9. Na3 {[%clk 0:16:07]} cxd4 {[%clk 0:15:41]} 10. Nb5 {[%clk 0:16:06]} Qd7
{[%clk 0:14:39]} 11. Nbxd4 {[%clk 0:16:00]} Nxd4 {[%clk 0:14:24]} 12. Nxd4
{[%clk 0:16:05]} Bxe2 {[%clk 0:14:29]} 13. Qxe2 {[%clk 0:16:14]} Be7
{[%clk 0:13:12]} 14. Rd1 {[%clk 0:16:10]} Qc7 {[%clk 0:12:52]} 15. Qb5+
{[%clk 0:15:46]} Kf8 {[%clk 0:10:21]} 16. Qe2 {[%clk 0:14:46]} Kg8
{[%clk 0:07:12]} 17. Nb5 {[%clk 0:13:15]} Qc6 {[%clk 0:06:39]} 18. Bf4
{[%clk 0:12:47]} h6 {[%clk 0:06:10]} 19. Nd4 {[%clk 0:12:47]} Qe4
{[%clk 0:05:43]} 20. Qxe4 {[%clk 0:12:16]} Nxe4 {[%clk 0:05:51]} 21. Nf3
{[%clk 0:12:00]} Nf6 {[%clk 0:05:31]} 22. Ne5 {[%clk 0:11:44]} g5
{[%clk 0:05:29]} 23. Bh2 {[%clk 0:11:36]} Kg7 {[%clk 0:05:31]} 24. Nd7
{[%clk 0:11:24]} Rhd8 {[%clk 0:05:19]} 25. Be5 {[%clk 0:10:25]} Kg6
{[%clk 0:05:27]} 26. Bxf6 {[%clk 0:10:15]} Bxf6 {[%clk 0:05:35]} 27. Nc5
{[%clk 0:10:03]} b6 {[%clk 0:05:30]} 28. Nb7 {[%clk 0:09:45]} Rxd1+
{[%clk 0:05:00]} 29. Rxd1 {[%clk 0:09:54]} Rb8 {[%clk 0:05:04]} 30. Rd7
{[%clk 0:09:38]} a6 {[%clk 0:03:55]} 31. Kf1 {[%clk 0:08:42]} h5 {[%clk 0:03:58]}
32. Ke2 {[%clk 0:08:50]} g4 {[%clk 0:03:45]} 33. hxg4 {[%clk 0:08:34]} hxg4
{[%clk 0:03:54]} 34. a4 {[%clk 0:08:09]} Bg5 {[%clk 0:03:12]} 35. Nd6
{[%clk 0:07:49]} f5 {[%clk 0:03:00]} 36. Nc4 {[%clk 0:07:29]} b5 {[%clk 0:02:24]}
37. axb5 {[%clk 0:07:05]} axb5 {[%clk 0:02:33]} 38. Ne5+ {[%clk 0:07:03]} Kf6
{[%clk 0:02:25]} 39. Nc6 {[%clk 0:06:25]} Rb6 {[%clk 0:01:51]} 40. Nb4
{[%clk 0:06:33]} Kg6 {[%clk 0:01:45]} 41. Nd3 {[%clk 0:05:54]} Kf6
{[%clk 0:01:10]} 42. Rd4 {[%clk 0:05:46]} e5 {[%clk 0:00:31]} 43. Rb4
{[%clk 0:05:48]} e4 {[%clk 0:00:21]} 44. Nc5 {[%clk 0:05:39]} Kg6
{[%clk 0:00:24]} 45. Nd7 {[%clk 0:04:14]} Rb7 {[%clk 0:00:33]} 46. Ne5+
{[%clk 0:04:00]} Kg7 {[%clk 0:00:17]} 47. c4 {[%clk 0:03:34]} Bf6
{[%clk 0:00:26]} 48. Nc6 {[%clk 0:03:25]} Rb6 {[%clk 0:00:35]} 49. cxb5
{[%clk 0:03:25]} Kg6 {[%clk 0:00:33]} 50. Na5 {[%clk 0:03:30]} Kg5
{[%clk 0:00:22]} 51. Nc4 {[%clk 0:03:34]} Rb8 {[%clk 0:00:29]} 52. b6
{[%clk 0:03:33]} Be7 {[%clk 0:00:33]} 53. Rb5 {[%clk 0:03:36]} Rb7
{[%clk 0:00:16]} 54. Na5 {[%clk 0:03:36]} Rd7 {[%clk 0:00:20]} 55. b7
{[%clk 0:03:36]} Bd6 {[%clk 0:00:29]} 56. b8=Q {[%clk 0:03:29]} Bxb8
{[%clk 0:00:38]} 57. Rxb8 {[%clk 0:03:37]} Rd5 {[%clk 0:00:38]} 58. Nc4
{[%clk 0:03:39]} f4 {[%clk 0:00:43]} 59. b4 {[%clk 0:03:33]} f3+ {[%clk 0:00:50]}
60. gxf3 {[%clk 0:03:38]} exf3+ {[%clk 0:00:58]} 61. Ke3 {[%clk 0:03:33]} Rd1
{[%clk 0:00:51]} 62. Rb5+ {[%clk 0:03:30]} Kh4 {[%clk 0:00:56]} 63. Ne5
{[%clk 0:03:05]} Kh3 {[%clk 0:01:04]} 64. Nxf3 {[%clk 0:02:33]} gxf3
{[%clk 0:01:13]} 65. Kxf3 {[%clk 0:02:42]} Rd3+ {[%clk 0:01:21]} 66. Ke4
{[%clk 0:02:51]} Rb3 {[%clk 0:01:23]} 67. f4 {[%clk 0:02:36]} Kg4
{[%clk 0:01:32]} 68. f5 {[%clk 0:02:20]} Kg5 {[%clk 0:01:40]} 69. Kd4
{[%clk 0:01:54]} Rf3 {[%clk 0:01:39]} 70. Kd5 {[%clk 0:01:15]} Kxf5
{[%clk 0:01:41]} 71. Kd6+ {[%clk 0:01:04]} Kf6 {[%clk 0:01:49]} 72. Rd5
{[%clk 0:01:03]} Kf7 {[%clk 0:01:30]} 73. Kd7 {[%clk 0:00:54]} Rb3
{[%clk 0:01:23]} 74. b5 {[%clk 0:00:55]} Rb2 {[%clk 0:01:25]} 75. Kc6
{[%clk 0:00:40]} Ke6 {[%clk 0:01:30]} 76. Rd6+ {[%clk 0:00:36]} Ke7
{[%clk 0:01:38]} 77. Rd4 {[%clk 0:00:44]} Rc2+ {[%clk 0:01:33]} 78. Kb7
{[%clk 0:00:51]} Rb2 {[%clk 0:01:23]} 79. b6 {[%clk 0:00:58]} Rc2
{[%clk 0:01:07]} 80. Ka6 {[%clk 0:00:32]} Ra2+ {[%clk 0:01:14]} 81. Kb5
{[%clk 0:00:22]} Ra8 {[%clk 0:00:34]} 82. b7 {[%clk 0:00:25]} Rb8
{[%clk 0:00:42]} 83. Kb6 {[%clk 0:00:33]} 1-0

[Event "D14"]
[Site "?"]
[Date "2020.08.25"]
[Round "5.3"]
[White "Peksa, Zuzanna"]
[Black "Pawicka, Magdalena"]
[Result "0-1"]
[BlackElo "1610"]
[WhiteElo "1071"]
[LiveChessVersion "1.4.4"]

1. e4 {[%clk 0:15:18]} e5 {[%clk 0:15:20]} 2. Nf3 {[%clk 0:15:26]} Nc6
{[%clk 0:15:29]} 3. d4 {[%clk 0:15:34]} exd4 {[%clk 0:15:38]} 4. Bc4
{[%clk 0:15:42]} Nf6 {[%clk 0:15:39]} 5. O-O {[%clk 0:15:49]} Nxe4
{[%clk 0:15:44]} 6. Re1 {[%clk 0:15:57]} d5 {[%clk 0:15:53]} 7. Bxd5
{[%clk 0:16:01]} Qxd5 {[%clk 0:16:02]} 8. Nc3 {[%clk 0:16:10]} Qa5
{[%clk 0:16:09]} 9. Nxe4 {[%clk 0:16:08]} Be6 {[%clk 0:16:19]} 10. Neg5
{[%clk 0:13:49]} O-O-O {[%clk 0:16:21]} 11. Nxe6 {[%clk 0:13:39]} fxe6
{[%clk 0:16:29]} 12. Rxe6 {[%clk 0:13:47]} Bd6 {[%clk 0:16:34]} 13. Ng5
{[%clk 0:12:56]} Qf5 {[%clk 0:14:37]} 14. Re1 {[%clk 0:11:43]} Ne5
{[%clk 0:09:55]} 15. f4 {[%clk 0:09:05]} Nc6 {[%clk 0:06:34]} 16. Kh1
{[%clk 0:08:22]} Rhe8 {[%clk 0:06:02]} 17. Bd2 {[%clk 0:07:05]} h6
{[%clk 0:04:01]} 18. Nf3 {[%clk 0:05:02]} Bxf4 {[%clk 0:03:47]} 19. Rxe8
{[%clk 0:04:30]} Rxe8 {[%clk 0:03:55]} 20. Bxf4 {[%clk 0:04:32]} Qxf4
{[%clk 0:04:04]} 21. Qd3 {[%clk 0:03:20]} Qe4 {[%clk 0:03:12]} 22. Qc4
{[%clk 0:02:43]} Qe2 {[%clk 0:02:32]} 23. Qc5 {[%clk 0:02:04]} Qe7
{[%clk 0:02:08]} 24. Qf5+ {[%clk 0:01:29]} Qe6 {[%clk 0:01:43]} 25. Qc5
{[%clk 0:01:29]} b6 {[%clk 0:01:26]} 26. Qh5 {[%clk 0:01:22]} Kb7
{[%clk 0:01:09]} 27. Qh4 {[%clk 0:01:19]} Qe4 {[%clk 0:01:00]} 28. Qg3
{[%clk 0:01:02]} Qxc2 {[%clk 0:00:55]} 29. Qxg7 {[%clk 0:00:58]} Qxb2
{[%clk 0:00:57]} 30. Rd1 {[%clk 0:00:49]} Qe2 {[%clk 0:00:35]} 31. Rc1
{[%clk 0:00:37]} Qe3 {[%clk 0:00:40]} 32. Rd1 {[%clk 0:00:33]} d3
{[%clk 0:00:33]} 33. Qd7 {[%clk 0:00:40]} Rd8 {[%clk 0:00:34]} 34. Qf5
{[%clk 0:00:35]} Qe2 {[%clk 0:00:27]} 35. Rc1 {[%clk 0:00:11]} d2
{[%clk 0:00:30]} 36. Nxd2 {[%clk 0:00:12]} Qxd2 {[%clk 0:00:37]} 37. Rf1
{[%clk 0:00:18]} Qxa2 {[%clk 0:00:31]} 38. Qf6 {[%clk 0:00:21]} Rd6
{[%clk 0:00:35]} 39. Qc3 {[%clk 0:00:28]} Qd5 {[%clk 0:00:34]} 40. h3
{[%clk 0:00:25]} Qd3 {[%clk 0:00:40]} 41. Qc1 {[%clk 0:00:32]} Nd4
{[%clk 0:00:31]} 42. Rf7 {[%clk 0:00:33]} Qc2 {[%clk 0:00:23]} 43. Qf4
{[%clk 0:00:35]} Qc6 {[%clk 0:00:12]} 44. Rg7 {[%clk 0:00:17]} Ne6
{[%clk 0:00:19]} 45. Qf7 {[%clk 0:00:22]} Nxg7 {[%clk 0:00:28]} 46. Qxg7
{[%clk 0:00:30]} Qc1+ {[%clk 0:00:36]} 47. Kh2 {[%clk 0:00:38]} Qf4+
{[%clk 0:00:45]} 48. Kg1 {[%clk 0:00:45]} Rd1# {[%clk 0:00:53]} 0-1

[Event "D14"]
[Site "?"]
[Date "2020.08.25"]
[Round "5.4"]
[White "Siekanska, Maria"]
[Black "Bukala, Weronika"]
[Result "0-1"]
[BlackElo "1416"]
[WhiteElo "1609"]
[LiveChessVersion "1.4.4"]

1. d4 d5 2. c4 e6 3. Nc3 Nf6 4. cxd5 exd5 5. Bg5 c6 6. e3 Be7 7. Bd3 h6 8. Bh4
O-O 9. Nge2 Nbd7 10. O-O Nb6 11. Qc2 Qc7 12. f3 c5 13. Nb5 Qc6 14. Bxf6 Bxf6 15.
dxc5 Nc4 16. Bxc4 dxc4 17. Qxc4 Be6 18. Qb4 a5 19. Qa4 Bd7 20. Ned4 Bxd4 21. exd4
Qxb5 22. Qc2 Be6 23. b3 Rfd8 24. Rad1 a4 25. b4 Qxb4 26. Qf2 Qc4 27. Rd2 Rac8 28.
f4 Bf5 29. Re1 Re8 30. h3 Rxe1+ 31. Qxe1 Qe6 32. Re2 Qc4 33. Qf2 Rd8 34. Re5 Bd3
35. Re7 Rxd4 36. Rxb7 Qxc5 37. Kh2 Qd6 0-1

[Event "D14"]
[Site "?"]
[Date "2020.08.25"]
[Round "5.5"]
[White "Obrochta, Lena"]
[Black "Mroz, Lena"]
[Result "1-0"]
[BlackElo "1459"]
[WhiteElo "1504"]
[LiveChessVersion "1.4.4"]

1. e4 c5 2. Nf3 Nc6 3. d4 cxd4 4. Nxd4 Qb6 5. Nb3 Nf6 6. Nc3 e6 7. Be3 Qc7 8. f4
d6 9. Bd3 a6 10. a4 b6 11. O-O Bb7 12. Kh1 Be7 13. Qe2 O-O 14. Rae1 Nb4 15. Bd2
Nxd3 16. cxd3 Rac8 17. Rf3 Rfe8 18. Rh3 Bf8 19. e5 Nd7 20. Qh5 h6 21. Nd4 dxe5
22. fxe5 Nc5 23. b4 Nd7 24. Rg3 g6 25. Bxh6 Bg7 26. Qh4 Qxc3 27. Rf1 Bxe5 28. Ne2
Bxg3 29. Nxg3 Qc6 30. Ne4 Qd5 31. Bg5 Rc2 32. Bf6 Nxf6 33. Nxf6+ Kf8 34. Qh8+ Ke7
35. Qxe8+ Kd6 36. Nxd5 Bxd5 37. Qf8+ Ke5 38. Qb8+ Kd4 39. Qf4+ Kc3 40. Qe5+ Kxb4
41. Qd4+ Ka5 42. Rb1 b5 43. axb5 Rxg2 44. Qb4+ Kb6 45. bxa6+ Kc6 46. Qb7+ Kd6 47.
Rb6+ Ke5 48. Qc7+ Kf6 49. Qf4+ Kg7 50. Qe5+ Kh7 51. Qxd5 exd5 52. Kxg2 1-0

[Event "D14"]
[Site "?"]
[Date "2020.08.25"]
[Round "5.6"]
[White "Kucharska, Helena"]
[Black "Rejniak, Zuzanna"]
[Result "1-0"]
[BlackElo "1474"]
[WhiteElo "1421"]
[LiveChessVersion "1.4.4"]

1. e4 {[%clk 0:15:18]} c5 {[%clk 0:15:19]} 2. Nf3 {[%clk 0:15:25]} d6
{[%clk 0:15:28]} 3. d4 {[%clk 0:15:32]} cxd4 {[%clk 0:15:36]} 4. Nxd4
{[%clk 0:15:40]} Nf6 {[%clk 0:15:45]} 5. f3 {[%clk 0:15:45]} e5 {[%clk 0:15:52]}
6. Nb5 {[%clk 0:15:41]} a6 {[%clk 0:15:43]} 7. N5a3 {[%clk 0:15:46]} b5
{[%clk 0:14:44]} 8. c4 {[%clk 0:15:51]} bxc4 {[%clk 0:13:58]} 9. Bxc4
{[%clk 0:15:40]} Be7 {[%clk 0:10:38]} 10. Be3 {[%clk 0:14:49]} Bb7
{[%clk 0:08:14]} 11. Qb3 {[%clk 0:13:52]} Bc6 {[%clk 0:06:01]} 12. Bxf7+
{[%clk 0:13:02]} Kf8 {[%clk 0:06:10]} 13. Nc3 {[%clk 0:12:03]} Nbd7
{[%clk 0:05:23]} 14. Bd5 {[%clk 0:10:54]} Rb8 {[%clk 0:04:52]} 15. Qc2
{[%clk 0:10:43]} Bxd5 {[%clk 0:04:56]} 16. Nxd5 {[%clk 0:10:43]} Nxd5
{[%clk 0:04:52]} 17. exd5 {[%clk 0:10:52]} Qa5+ {[%clk 0:04:50]} 18. Bd2
{[%clk 0:08:17]} Qxd5 {[%clk 0:04:55]} 19. b3 {[%clk 0:06:47]} Kf7
{[%clk 0:01:46]} 20. Nc4 {[%clk 0:05:46]} Rbc8 {[%clk 0:00:33]} 21. O-O
{[%clk 0:05:08]} Nf6 {[%clk 0:00:38]} 22. Rad1 {[%clk 0:03:42]} Qb5
{[%clk 0:00:21]} 23. Qf5 {[%clk 0:03:01]} g6 {[%clk 0:00:25]} 24. Qd3
{[%clk 0:02:52]} Rhd8 {[%clk 0:00:31]} 25. a4 {[%clk 0:02:31]} Qb7
{[%clk 0:00:40]} 26. Ba5 {[%clk 0:02:28]} d5 {[%clk 0:00:26]} 27. Nxe5+
{[%clk 0:02:28]} Kg8 {[%clk 0:00:30]} 28. Bxd8 {[%clk 0:02:31]} Rxd8
{[%clk 0:00:39]} 29. Kh1 {[%clk 0:01:54]} Bd6 {[%clk 0:00:38]} 30. Ng4
{[%clk 0:01:48]} Nxg4 {[%clk 0:00:41]} 31. fxg4 {[%clk 0:01:56]} Be5
{[%clk 0:00:46]} 32. Rde1 {[%clk 0:01:54]} Bg7 {[%clk 0:00:54]} 33. Re6
{[%clk 0:01:50]} Rb8 {[%clk 0:00:53]} 34. Rb1 {[%clk 0:01:43]} a5
{[%clk 0:00:57]} 35. Rd6 {[%clk 0:01:43]} d4 {[%clk 0:01:05]} 36. Qc4+
{[%clk 0:01:40]} Kh8 {[%clk 0:01:12]} 37. Rc6 {[%clk 0:01:35]} Rf8
{[%clk 0:00:56]} 38. Rc7 {[%clk 0:01:37]} Qe4 {[%clk 0:01:05]} 39. Rg1
{[%clk 0:01:17]} Qxg4 {[%clk 0:00:41]} 40. Rf7 {[%clk 0:01:19]} Qc8
{[%clk 0:00:49]} 41. Rxf8+ {[%clk 0:01:24]} Qxf8 {[%clk 0:00:57]} 42. Qb5
{[%clk 0:01:17]} Qd8 {[%clk 0:01:05]} 43. b4 {[%clk 0:01:23]} axb4
{[%clk 0:01:08]} 44. Qxb4 {[%clk 0:01:30]} d3 {[%clk 0:01:16]} 45. Rd1
{[%clk 0:01:32]} Qe8 {[%clk 0:00:50]} 46. Rxd3 {[%clk 0:01:33]} 1-0